[Event "34ème Open International d'Avoine"]
[Site "AVOINE"]
[Date "2019.07.20"]
[Round "1.27"]
[White "Selebran, Henri"]
[Black "Baillon, Olivier"]
[Result "1-0"]
[WhiteElo "2070"]
[BlackElo "2279"]
[PlyCount "63"]
[EventDate "2019.??.??"]
[WhiteTeam "LEC Echiquier Limousin"]
[BlackTeam "Club 608 d'Echecs Paris"]

1. c4 g6 2. g3 Bg7 3. Bg2 e5 4. Nc3 Ne7 5. d3 O-O 6. e4 Nbc6 7. Nge2 d6 8. O-O
f5 9. Nd5 h6 10. Rb1 a5 11. a3 fxe4 12. dxe4 Bg4 13. f3 Bd7 14. Be3 b6 15. Qd2
Kh7 16. b4 Rb8 17. Nec3 axb4 18. axb4 Nd4 19. b5 Ne6 20. Bh3 Rf7 21. Ra1 Nxd5
22. Nxd5 Qf8 23. Kg2 Ra8 24. Ra6 Qc8 25. Bxe6 Bxe6 26. Rfa1 Bh3+ 27. Kg1 Rxa6
28. bxa6 Rxf3 29. a7 Qa8 30. Qe2 Rf7 31. g4 Bf6 32. Qf3 1-0

[Event "34ème Open International d'Avoine"]
[Site "AVOINE"]
[Date "2019.07.20"]
[Round "1.28"]
[White "Bouget, Alexandre"]
[Black "Joly, Julien"]
[Result "1-0"]
[WhiteElo "2275"]
[BlackElo "2060"]
[PlyCount "99"]
[EventDate "2019.??.??"]
[WhiteTeam "Echiquier Guingampais"]
[BlackTeam "Echecs Club de Corbas"]

1. d4 Nf6 2. c4 c5 3. d5 b5 4. cxb5 a6 5. Nc3 axb5 6. e4 b4 7. Nb5 d6 8. a4
bxa3 9. Rxa3 Rxa3 10. bxa3 g6 11. Qa4 Bd7 12. Qa7 Bg7 13. Nc7+ Kf8 14. Bd3 Ne8
15. Nxe8 Qxe8 16. Ne2 h6 17. O-O Kg8 18. Bd2 Bb5 19. Rb1 Bxd3 20. Rxb8 Qxb8 21.
Qxb8+ Kh7 22. Qb7 Bxe2 23. a4 c4 24. a5 c3 25. Bc1 Bf6 26. h3 Bg5 27. Bxg5 hxg5
28. Qc7 Ba6 29. Qxc3 Rc8 30. Qe3 Rc5 31. Qxg5 f6 32. Qd2 Kg7 33. h4 Kh7 34. g4
Kg7 35. Kh2 Rb5 36. g5 Kf7 37. Qf4 Rxa5 38. gxf6 exf6 39. Qxd6 Ra2 40. Qe6+ Kg7
41. Qe7+ Kh6 42. Qxf6 Kh7 43. d6 Rd2 44. Qf7+ Kh8 45. d7 Bc4 46. Qf6+ Kh7 47.
d8=Q Rxd8 48. Qxd8 Bf7 49. e5 g5 50. Qe7 1-0

[Event "34ème Open International d'Avoine"]
[Site "AVOINE"]
[Date "2019.07.20"]
[Round "1.29"]
[White "Hirth, Julien"]
[Black "Bonn, Thomas"]
[Result "1/2-1/2"]
[WhiteElo "2059"]
[BlackElo "2272"]
[PlyCount "50"]
[EventDate "2019.??.??"]
[WhiteTeam "Club 608 d'Echecs Paris"]
[BlackTeam "Poitiers-Migne Echecs"]

1. e4 e5 2. Nf3 Nc6 3. Bc4 Bc5 4. c3 Nf6 5. d3 a5 6. a4 d6 7. h3 h6 8. Nbd2 O-O
9. Bb3 Re8 10. Nf1 d5 11. Qe2 Be6 12. Bc2 Qd7 13. g4 Nh7 14. Ng3 f6 15. Nh4 Ne7
16. Nhf5 Ng6 17. Nh5 Bf8 18. Be3 c5 19. c4 dxe4 20. dxe4 Nf4 21. Nxf4 exf4 22.
Bxf4 Bxf5 23. gxf5 Qd4 24. h4 Qxb2 25. O-O Qb6 1/2-1/2

[Event "34ème Open International d'Avoine"]
[Site "AVOINE"]
[Date "2019.07.20"]
[Round "1.30"]
[White "Iglesias, Joachim"]
[Black "Engelmann, Herve"]
[Result "1-0"]
[WhiteElo "2258"]
[BlackElo "2057"]
[PlyCount "71"]
[EventDate "2019.??.??"]
[WhiteTeam "Vandoeuvre-Echecs"]
[BlackTeam "Club d'Echecs de Mundolsheim"]

1. Nf3 Nf6 2. c4 e6 3. g3 d5 4. b3 c6 5. Bg2 Bd6 6. d4 Nbd7 7. O-O O-O 8. Qc2
b6 9. Nbd2 Bb7 10. e4 e5 11. Bb2 exd4 12. Nxd4 Re8 13. f4 dxe4 14. Nxe4 Qc7 15.
Nxd6 Qxd6 16. Nf5 Qe6 17. Bc3 Nf8 18. Rae1 Qd7 19. Rd1 Qc8 20. Bxf6 gxf6 21.
Nd6 Qc7 22. Nxe8 Rxe8 23. Qf5 Kg7 24. Qg4+ Kh8 25. Rfe1 Re6 26. f5 Re5 27. Rxe5
Qxe5 28. Qd4 Qe7 29. Kf1 Kg7 30. Qd6 Qe8 31. g4 h5 32. Re1 Qc8 33. Re7 hxg4 34.
Be4 Nh7 35. Qd7 Qf8 36. Qe8 1-0

[Event "34ème Open International d'Avoine"]
[Site "AVOINE"]
[Date "2019.07.20"]
[Round "1.31"]
[White "Roux, Baptiste"]
[Black "Dieu, Bruno"]
[Result "1-0"]
[WhiteElo "2056"]
[BlackElo "2256"]
[PlyCount "119"]
[EventDate "2019.??.??"]
[WhiteTeam "Corsica Chess Club"]
[BlackTeam "Echiquier Tourangeau"]

1. e4 e6 2. d4 d5 3. Bd3 dxe4 4. Bxe4 Nf6 5. Bf3 c5 6. Ne2 Nc6 7. Be3 Nd5 8.
Bxd5 exd5 9. dxc5 Be7 10. Nbc3 Be6 11. Nd4 O-O 12. Nxc6 bxc6 13. Bd4 Rb8 14.
Ne2 Bf6 15. O-O Bxd4 16. Qxd4 Bf5 17. Qc3 Re8 18. Nd4 Qf6 19. Rfe1 h5 20. f3
Bd7 21. b4 h4 22. Qd2 g6 23. c3 Kg7 24. Rxe8 Rxe8 25. Re1 Rxe1+ 26. Qxe1 Qg5
27. Kf1 Kf8 28. a4 a6 29. h3 Qf4 30. Kg1 Qg5 31. Kh1 Qf4 32. Nb3 g5 33. Qd2 Qe5
34. Nd4 f6 35. Nb3 Be8 36. Na5 Bd7 37. Nb7 Qg3 38. Qe2 Qf4 39. Qe1 Qe5 40. Qxe5
fxe5 41. Kg1 Ke7 42. Kf2 Bf5 43. Na5 Kd7 44. c4 dxc4 45. Nxc4 Ke6 46. Ke3 Bc2
47. Nb6 Bf5 48. Nc8 Bc2 49. a5 Bb3 50. Kd3 Ba2 51. Nd6 Bd5 52. Ne8 Kf5 53. Nc7
e4+ 54. Ke3 exf3 55. Nxd5 fxg2 56. Kf2 cxd5 57. b5 d4 58. Kxg2 g4 59. hxg4+
Kxg4 60. c6 1-0

[Event "34ème Open International d'Avoine"]
[Site "AVOINE"]
[Date "2019.07.20"]
[Round "1.32"]
[White "Malassagne, Raphael"]
[Black "Dube, Dimitri"]
[Result "1-0"]
[WhiteElo "2252"]
[BlackElo "2052"]
[PlyCount "81"]
[EventDate "2019.??.??"]
[WhiteTeam "Cergy Pontoise Echecs"]
[BlackTeam "Echiquier Tourangeau"]

1. d4 Nc6 2. Bf4 d5 3. e3 e6 4. Nf3 Bd6 5. Bg3 Nge7 6. Bd3 Nb4 7. Be2 c5 8.
dxc5 Bxc5 9. a3 Nbc6 10. b4 Bd6 11. c4 Nf5 12. cxd5 exd5 13. Nc3 Be6 14. Bxd6
Qxd6 15. O-O a6 16. e4 dxe4 17. Nxe4 Qxd1 18. Rfxd1 Rd8 19. Nc5 Ncd4 20. Nxd4
Nxd4 21. Nxb7 Nxe2+ 22. Kf1 Rb8 23. Nd6+ Ke7 24. Kxe2 a5 25. Rd4 Rhd8 26. Rad1
axb4 27. axb4 Rd7 28. Ne4 Rbd8 29. Rxd7+ Rxd7 30. Rxd7+ Bxd7 31. Kd3 f5 32. Nc5
Bc6 33. g3 g5 34. Kd4 Kd6 35. Nd3 Bb5 36. Ne5 Ke6 37. Nc4 f4 38. gxf4 gxf4 39.
Kc5 Ba6 40. b5 Bb7 41. b6 1-0

[Event "34ème Open International d'Avoine"]
[Site "AVOINE"]
[Date "2019.07.20"]
[Round "1.33"]
[White "Bourdeaux, Gabin"]
[Black "Defromont, Benjamin"]
[Result "1/2-1/2"]
[WhiteElo "2050"]
[BlackElo "2245"]
[PlyCount "92"]
[EventDate "2019.??.??"]
[WhiteTeam "Geneston Sud Loire échecs"]
[BlackTeam "Cannes Echecs"]

1. e4 e6 2. d3 d5 3. Nd2 Nf6 4. g3 Nc6 5. Bg2 e5 6. exd5 Nxd5 7. Ngf3 Bc5 8.
O-O O-O 9. Nb3 Be7 10. Re1 Bf6 11. c3 Nb6 12. d4 exd4 13. Nfxd4 Nxd4 14. cxd4
c6 15. Be3 Re8 16. Nc5 Nd5 17. Qb3 b6 18. Ne4 Be7 19. Nc3 Be6 20. Nxd5 Bxd5 21.
Bxd5 Qxd5 22. Qxd5 cxd5 23. Rac1 Bf6 24. Red1 Rac8 25. Kf1 Kf8 26. Rxc8 Rxc8
27. Ke2 Ke7 28. Kd3 Ke6 29. Rc1 Rxc1 30. Bxc1 h5 31. h3 Be7 32. g4 g6 33. f3
Bd6 34. Bg5 hxg4 35. hxg4 f5 36. Bd2 fxg4 37. fxg4 Kf6 38. Ke2 Bg3 39. Kf3 Bh4
40. Be3 b5 41. b3 Bg5 42. Bxg5+ Kxg5 43. b4 Kf6 44. Kf4 g5+ 45. Kf3 a6 46. a3
Ke6 1/2-1/2

[Event "34ème Open International d'Avoine"]
[Site "AVOINE"]
[Date "2019.07.20"]
[Round "1.34"]
[White "Hingouet, Matthieu"]
[Black "Weibel, Theo"]
[Result "0-1"]
[WhiteElo "2245"]
[BlackElo "2049"]
[PlyCount "120"]
[EventDate "2019.??.??"]
[WhiteTeam "Cavalier de la Tourelle Saint-Mande"]
[BlackTeam "Echiquier Club Le Mans"]

1. d4 Nf6 2. c4 g6 3. Nc3 d5 4. cxd5 Nxd5 5. Bd2 Bg7 6. e4 Nb6 7. Be3 O-O 8. f4
Nc6 9. d5 Na5 10. Bd4 Bh6 11. Bxb6 cxb6 12. b4 Qc7 13. Qd3 Qxf4 14. bxa5 f5 15.
e5 Qxe5+ 16. Be2 bxa5 17. Nf3 Qf6 18. O-O Rd8 19. Qc2 Bd7 20. Qb3 Rac8 21. Nb5
a6 22. Nbd4 a4 23. Qa3 Be8 24. Rad1 Rxd5 25. Kh1 Rdc5 26. Ng1 e5 27. Ndf3 b5
28. Nd2 Qb6 29. Qh3 Bg7 30. Nb1 b4 31. Rd2 Bf7 32. Nf3 Rc1 33. Rdd1 R1c2 34.
Bd3 R2c7 35. Ng5 h6 36. Nxf7 Rxf7 37. Be4 Rfc7 38. Bd5+ Kh7 39. Nd2 e4 40. g4
Rc3 41. Qg2 e3 42. Nf3 fxg4 43. Qxg4 e2 44. Ng5+ hxg5 45. Qxe2 R8c7 46. Qe8 b3
47. Qxa4 b2 48. Qg4 Rc1 49. Qh3+ Bh6 50. Be4 Rxd1 51. Rxd1 Re7 52. Qg4 Qe3 53.
Bb1 Qf2 54. Rg1 Re3 55. Be4 Qe2 56. Qd7+ Bg7 57. Bd5 Qd3 58. Qd8 Qf5 59. Bg8+
Kh6 60. Qd1 Qe4+ 0-1

[Event "34ème Open International d'Avoine"]
[Site "AVOINE"]
[Date "2019.07.20"]
[Round "1.35"]
[White "Roubert, Emile"]
[Black "Msellek, Ilyass"]
[Result "0-1"]
[WhiteElo "2045"]
[BlackElo "2237"]
[PlyCount "84"]
[EventDate "2019.??.??"]
[WhiteTeam "Echiquier Agenais"]
[BlackTeam "Tremblay en France"]

1. e4 c5 2. c3 d6 3. d4 Nf6 4. Bd3 e5 5. Nf3 Nc6 6. h3 Be7 7. d5 Nb8 8. Nbd2
Nbd7 9. a4 Nf8 10. Nc4 Ng6 11. g3 h6 12. b4 cxb4 13. cxb4 Nh7 14. Bd2 O-O 15.
Ne3 Bf6 16. Rc1 Bd7 17. Kf1 Ne7 18. h4 Nc8 19. Kg2 g6 20. h5 Bg7 21. Nh4 Ne7
22. hxg6 fxg6 23. Ng4 g5 24. Nf5 Nxf5 25. exf5 Bxf5 26. Bxf5 Rxf5 27. Qc2 Qf8
28. Be3 Qf7 29. Qe4 h5 30. Rxh5 Rf8 31. Rch1 Qg6 32. f3 Nf6 33. Nh6+ Qxh6 34.
Rxh6 Nxe4 35. fxe4 Rf3 36. Bxa7 Bxh6 37. Rxh6 R3f6 38. Rxf6 Rxf6 39. Bb8 Kf7
40. a5 Ke7 41. b5 Rf8 42. a6 bxa6 0-1

[Event "34ème Open International d'Avoine"]
[Site "AVOINE"]
[Date "2019.07.20"]
[Round "1.36"]
[White "Samoun, Florent"]
[Black "Redondo Arguelles, Graciela"]
[Result "1-0"]
[WhiteElo "2230"]
[BlackElo "2043"]
[PlyCount "69"]
[EventDate "2019.??.??"]
[WhiteTeam "C.E. de Bois-Colombes"]

1. e4 e6 2. d4 d5 3. Bd3 Nf6 4. e5 Nfd7 5. c3 c5 6. Ne2 Nc6 7. Nd2 c4 8. Bc2 b5
9. O-O b4 10. f4 g6 11. g4 h5 12. f5 gxf5 13. gxf5 Nb6 14. f6 Bb7 15. Nf3 Qc7
16. Bf4 O-O-O 17. Qd2 bxc3 18. bxc3 Ba3 19. Kh1 Rdg8 20. Rg1 Nd7 21. Rg7 Rf8
22. h4 Qa5 23. Rb1 Nd8 24. Kh2 Bc6 25. Ng5 Ba4 26. Bh7 Qc7 27. Ng3 a6 28. Nxh5
a5 29. Ng3 Nb6 30. h5 Be8 31. h6 Na4 32. Nf3 Qc6 33. Bc2 Nb6 34. h7 Nd7 35. Bh6
1-0

[Event "34ème Open International d'Avoine"]
[Site "AVOINE"]
[Date "2019.07.20"]
[Round "1.37"]
[White "Flachet, Thierry"]
[Black "Ollier, Milan"]
[Result "1/2-1/2"]
[WhiteElo "2043"]
[BlackElo "2227"]
[PlyCount "47"]
[EventDate "2019.??.??"]

1. Nf3 c5 2. c4 Nc6 3. d4 cxd4 4. Nxd4 Qb6 5. Nc2 Nf6 6. Nc3 e6 7. e3 Be7 8.
Be2 O-O 9. O-O Rd8 10. e4 d6 11. b4 Nxb4 12. Rb1 Nxa2 13. Rxb6 Nxc3 14. Qd3
Nxe2+ 15. Qxe2 axb6 16. Be3 Bd7 17. Bxb6 Rdc8 18. f3 Ra4 19. Ne3 Bc6 20. Rd1
Rca8 21. Bc7 Ne8 22. Bb6 Nf6 23. Bc7 Ne8 24. Bb6 1/2-1/2

[Event "34ème Open International d'Avoine"]
[Site "AVOINE"]
[Date "2019.07.20"]
[Round "1.38"]
[White "Lacroix, Romain"]
[Black "Batteux, Mickael"]
[Result "1-0"]
[WhiteElo "2226"]
[BlackElo "2042"]
[Annotator "Smith,John"]
[PlyCount "67"]
[EventDate "2019.??.??"]

1. d4 {[%emt 0:00:00]} Nf6 {[%eval 0,0] [%emt 0:00:00]} 2. Nf3 g6 3. g3 Bg7 4.
Bg2 c5 5. O-O cxd4 6. Nxd4 O-O 7. c4 Nc6 8. Nc3 Ng4 9. e3 Nge5 10. Qe2 d6 11.
Rd1 Bg4 12. f3 Bd7 13. h3 Rc8 14. b3 a6 15. Bb2 Nxd4 16. exd4 Nc6 17. d5 Nd4
18. Qf2 Nb5 19. Na4 Bxb2 20. Qxb2 Na7 21. Qd4 Bxa4 22. Qxa7 Bd7 23. Qxb7 a5 24.
Qa7 Rc5 25. Kh2 Re8 26. f4 Kg7 27. Re1 h6 28. Re3 Kf8 29. Rae1 Kg7 30. Bf3 h5
31. h4 Kf8 32. Bg2 f5 33. Bf1 Kf7 34. a3 1-0

[Event "34ème Open International d'Avoine"]
[Site "AVOINE"]
[Date "2019.07.20"]
[Round "1.39"]
[White "Maupin, Valerie"]
[Black "Dalaud, Dorian"]
[Result "0-1"]
[WhiteElo "2036"]
[BlackElo "2220"]
[PlyCount "66"]
[EventDate "2019.??.??"]

1. d4 Nf6 2. c4 g6 3. Nc3 Bg7 4. Nf3 O-O 5. g3 d6 6. Bg2 Nc6 7. d5 Na5 8. Qd3
c5 9. h3 e6 10. O-O exd5 11. cxd5 Re8 12. Re1 a6 13. e4 b5 14. e5 dxe5 15. Rxe5
Bb7 16. Bg5 Nc4 17. Rxe8+ Qxe8 18. Re1 Qf8 19. b3 Nb6 20. Nd2 h6 21. Bxf6 Bxf6
22. Nce4 Bg7 23. d6 Rd8 24. Qe2 Kh8 25. Nxc5 Bxg2 26. Kxg2 Qxd6 27. Nce4 Qc6
28. Nf3 Re8 29. Qd2 Nc8 30. Re3 f5 31. Nc5 Rxe3 32. Qxe3 Nd6 33. Nd3 Ne4 0-1

[Event "34ème Open International d'Avoine"]
[Site "AVOINE"]
[Date "2019.07.20"]
[Round "1.40"]
[White "Bournel, Antoine"]
[Black "Heurtebize, Christophe"]
[Result "1-0"]
[WhiteElo "2217"]
[BlackElo "2036"]
[PlyCount "39"]
[EventDate "2019.??.??"]

1. d4 d5 2. Bf4 Nf6 3. e3 e6 4. Nf3 Be7 5. Nbd2 O-O 6. Ne5 c5 7. c3 Nc6 8. Bd3
Nd7 9. h4 Ndxe5 10. dxe5 d4 11. Nf3 dxe3 12. Bxe3 b6 13. Qe2 Qc7 14. Bxh7+ Kh8
15. Be4 Bb7 16. Ng5 g6 17. h5 Bxg5 18. hxg6+ Kg7 19. Rh7+ Kg8 20. Qh5 1-0

[Event "34ème Open International d'Avoine"]
[Site "AVOINE"]
[Date "2019.07.20"]
[Round "1.41"]
[White "Kavciyan, Yega"]
[Black "Smith, Matthieu"]
[Result "1-0"]
[WhiteElo "2033"]
[BlackElo "2208"]
[PlyCount "87"]
[EventDate "2019.??.??"]
[WhiteTeam "l'Echiquier de La Ville Montreuil"]
[BlackTeam "Clichy-Echecs-92"]

1. e4 e5 2. Nf3 Nc6 3. Bc4 Bc5 4. c3 Nf6 5. d3 a6 6. O-O Ba7 7. Nbd2 O-O 8. Re1
d6 9. Bb3 Ne7 10. h3 Ng6 11. Nf1 h6 12. Ng3 Re8 13. d4 Be6 14. Bc2 Bd7 15. a4
Bc6 16. d5 Bd7 17. c4 a5 18. Nf5 Bxf5 19. exf5 Nf8 20. g4 N8h7 21. Nh2 Nd7 22.
Qf3 Qh4 23. Qg2 Ng5 24. Ra3 e4 25. Bxg5 Qxg5 26. Bxe4 Nf6 27. Nf1 Qf4 28. Ng3
Re7 29. Rf3 Qd2 30. Re2 Qd4 31. Bd3 Rae8 32. Rc2 Nh7 33. Nf1 Re1 34. h4 Nf6 35.
g5 hxg5 36. hxg5 Ne4 37. g6 fxg6 38. fxg6 Nxf2 39. Rcxf2 Qh4 40. Bf5 Bxf2+ 41.
Qxf2 Rxf1+ 42. Qxf1 Qg5+ 43. Kh1 Qh5+ 44. Rh3 1-0

[Event "34ème Open International d'Avoine"]
[Site "AVOINE"]
[Date "2019.07.20"]
[Round "1.42"]
[White "Besson, Bastien"]
[Black "Dessenne, Francois"]
[Result "1-0"]
[WhiteElo "2204"]
[BlackElo "2026"]
[PlyCount "61"]
[EventDate "2019.??.??"]

1. e4 e5 2. Nf3 Nc6 3. d4 exd4 4. Bc4 Nf6 5. e5 d5 6. Bb5 Ne4 7. Nxd4 Bd7 8.
Bxc6 bxc6 9. O-O Be7 10. f3 Nc5 11. f4 O-O 12. f5 Ne4 13. Nc3 Nxc3 14. bxc3 c5
15. Nb3 c4 16. Nd4 c5 17. Ne2 Ba4 18. Nf4 d4 19. f6 Bxf6 20. exf6 Qxf6 21. Qh5
Qd6 22. Ba3 Rac8 23. Rad1 Bxc2 24. Rxd4 Qe7 25. Rd5 Qe3+ 26. Kh1 Rfe8 27. h3 g6
28. Qg5 h6 29. Qf6 Rc7 30. Bxc5 Rxc5 31. Nh5 1-0

[Event "34ème Open International d'Avoine"]
[Site "AVOINE"]
[Date "2019.07.20"]
[Round "1.43"]
[White "De Lussac, Estephe"]
[Black "Grezels, Florian"]
[Result "1/2-1/2"]
[WhiteElo "2025"]
[BlackElo "2201"]
[PlyCount "77"]
[EventDate "2019.??.??"]
[WhiteTeam "Lille Université Club Echiquier du Nord"]
[BlackTeam "C.E.I. Toulouse"]

1. e4 c5 2. Nf3 e6 3. d4 cxd4 4. Nxd4 Nc6 5. Nc3 Qc7 6. Be3 a6 7. Qf3 Nf6 8.
Be2 Be7 9. O-O O-O 10. Rad1 d6 11. Qg3 Nxd4 12. Bxd4 Rd8 13. f4 b5 14. e5 dxe5
15. Bxe5 Qb6+ 16. Kh1 Rxd1 17. Rxd1 Bb7 18. Rd7 Bd8 19. Bd4 Qc6 20. Rxd8+ Rxd8
21. Bxf6 Qxg2+ 22. Qxg2 Bxg2+ 23. Kxg2 gxf6 24. Bd3 f5 25. Kf3 Kg7 26. Ke3 Kf6
27. Ne2 e5 28. fxe5+ Kxe5 29. Kf3 Rd6 30. Nf4 Rd4 31. Ng2 h5 32. h3 Rd8 33. Nh4
f4 34. Ng2 Rd6 35. a3 Rc6 36. Be4 Rd6 37. Bd3 Rc6 38. Be4 Rd6 39. Bd3 1/2-1/2

[Event "34ème Open International d'Avoine"]
[Site "AVOINE"]
[Date "2019.07.20"]
[Round "1.44"]
[White "Bouvet, Florian"]
[Black "Radovanovic, Luka"]
[Result "1-0"]
[WhiteElo "2200"]
[BlackElo "2024"]
[PlyCount "77"]
[EventDate "2019.??.??"]
[WhiteTeam "Echiquier Club Le Mans"]
[BlackTeam "Cannes Echecs"]

1. e4 c5 2. Nf3 Nc6 3. d4 cxd4 4. Nxd4 g6 5. Nc3 Bg7 6. Nde2 Nf6 7. g3 d6 8.
Bg2 O-O 9. O-O Be6 10. Nd5 Bxd5 11. exd5 Ne5 12. a4 Rc8 13. b3 Qc7 14. Ra2 Ned7
15. Nd4 Nc5 16. Re1 Rfe8 17. c4 Nfd7 18. Nb5 Qb8 19. b4 Na6 20. Qb3 Ne5 21. Rc2
b6 22. Bb2 Nxb4 23. Qxb4 Nd3 24. Qd2 Nxe1 25. Qxe1 Bxb2 26. Rxb2 Rxc4 27. Rb4
Rc5 28. Qe3 h5 29. Be4 Kg7 30. Qd4+ Kg8 31. Qe3 Kg7 32. Nd4 Qc8 33. Qg5 Rc1+
34. Kg2 Qc3 35. Ne6+ fxe6 36. Qxg6+ Kf8 37. Bd3 Qxb4 38. Qh6+ Kg8 39. Qxe6+ 1-0

[Event "34ème Open International d'Avoine"]
[Site "AVOINE"]
[Date "2019.07.20"]
[Round "1.45"]
[White "Lewis, John"]
[Black "Merenciano, Alexandre"]
[Result "1/2-1/2"]
[WhiteElo "2022"]
[BlackElo "2198"]
[PlyCount "85"]
[EventDate "2019.??.??"]

1. d4 Nf6 2. Nf3 c5 3. d5 b5 4. Bg5 Qb6 5. Bxf6 exf6 6. e4 g6 7. Nbd2 Bg7 8. a4
Ba6 9. axb5 Bxb5 10. Bc4 O-O 11. Qe2 Bxc4 12. Nxc4 Qc7 13. O-O Re8 14. Rfe1 d6
15. Qd2 Nd7 16. Ra6 Nb6 17. Qa5 Qb8 18. Nfd2 f5 19. Ra1 fxe4 20. Rxa7 Rxa7 21.
Qxa7 Nxd5 22. Qxb8 Rxb8 23. Nxe4 Nb4 24. Ne3 Bxb2 25. Rd1 Bd4 26. c3 Bxe3 27.
fxe3 Nc2 28. Rxd6 Nxe3 29. Kf2 Nf5 30. Rd5 c4 31. g4 Rb2+ 32. Rd2 Rxd2+ 33.
Nxd2 Nd6 34. Ke3 Nb5 35. Nb1 f5 36. gxf5 gxf5 37. Kf4 Kg7 38. Kxf5 Kh6 39. Ke5
Kh5 40. Kd5 Kh4 41. Kxc4 Nxc3 42. Nxc3 Kh3 43. Nd5 1/2-1/2

[Event "34ème Open International d'Avoine"]
[Site "AVOINE"]
[Date "2019.07.20"]
[Round "1.46"]
[White "Arnaud, Aurelien"]
[Black "Dreyfus, Jacques"]
[Result "1-0"]
[WhiteElo "2196"]
[BlackElo "2020"]
[Annotator "Smith,John"]
[PlyCount "81"]
[EventDate "2019.??.??"]

1. d4 {[%emt 0:00:00]} d5 2. c4 e6 3. Nf3 c6 4. e3 Nf6 5. b3 Nbd7 6. Bd3 Bd6 7.
Bb2 O-O 8. O-O Re8 9. Ne5 Nf8 10. f4 N6d7 11. Qh5 g6 12. Qh6 Qf6 13. Nd2 Qg7
14. Qh4 f6 15. Ng4 h5 16. Nf2 Qh6 17. Nh3 e5 18. dxe5 fxe5 19. Ng5 exf4 20.
exf4 Re3 21. Rf3 Bc5 22. Kh1 Nb6 23. Rxe3 Bxe3 24. Nf1 Bc5 25. Re1 Bd7 26. Re2
Bg4 27. Qe1 Bxe2 28. Qxe2 d4 29. b4 Bd6 30. g3 c5 31. bxc5 Bxc5 32. Nd2 Nbd7
33. Be4 Nf6 34. Nb3 N8d7 35. Bd5+ Nxd5 36. Qe6+ Kg7 37. Qxd7+ Be7 38. cxd5 Kf8
39. Ne6+ Kf7 40. d6 Re8 41. Nc7 1-0

[Event "34ème Open International d'Avoine"]
[Site "AVOINE"]
[Date "2019.07.20"]
[Round "1.47"]
[White "Lamaze, Simon"]
[Black "Pottier, Simeon"]
[Result "1/2-1/2"]
[WhiteElo "2008"]
[BlackElo "2192"]
[PlyCount "160"]
[EventDate "2019.??.??"]
[WhiteTeam "Echiquier Club Le Mans"]
[BlackTeam "LEC Echiquier Limousin"]

1. d4 Nf6 2. Nf3 c5 3. d5 b5 4. c4 g6 5. cxb5 a6 6. bxa6 Bg7 7. Nc3 O-O 8. g3
d6 9. Bg2 Nbd7 10. O-O Nb6 11. Nd2 Bxa6 12. Qc2 Nfd7 13. Re1 Ra7 14. b3 Qa8 15.
Bb2 Ne5 16. Rad1 f5 17. f4 Ng4 18. e3 Bb7 19. h3 Nf6 20. e4 fxe4 21. Ndxe4
Nfxd5 22. Nxd5 Bxd5 23. Bxg7 Kxg7 24. Qb2+ Kg8 25. a4 Bc6 26. Nc3 Bxg2 27. Qxg2
Qxg2+ 28. Kxg2 Kf7 29. Nb5 Ra5 30. Re4 Rd8 31. Rde1 Rd7 32. Kf3 c4 33. bxc4
Rxa4 34. c5 Rxe4 35. Kxe4 dxc5 36. Rc1 c4 37. Rc3 h5 38. Na3 Ra7 39. Nxc4 Nxc4
40. Rxc4 Ra3 41. g4 Rxh3 42. gxh5 Rxh5 43. Rc6 Ra5 44. Rb6 Ra3 45. Rc6 Ra1 46.
Rb6 Rd1 47. Ra6 Rd6 48. Ra7 Rb6 49. Rc7 Kf6 50. Kf3 Rb5 51. Kg4 Rb4 52. Rc6+ e6
53. Rc5 Rd4 54. Ra5 Rd1 55. Rb5 Rg1+ 56. Kf3 Rh1 57. Kg4 Rh5 58. Rb6 Rd5 59.
Ra6 g5 60. fxg5+ Rxg5+ 61. Kf4 Rh5 62. Rb6 Rh4+ 63. Ke3 Kf5 64. Rb8 Rh3+ 65.
Ke2 e5 66. Rb4 e4 67. Rb8 Rh6 68. Rf8+ Rf6 69. Rxf6+ Kxf6 70. Ke3 Ke5 71. Ke2
Kd4 72. Kd2 e3+ 73. Ke2 Ke4 74. Ke1 Kd4 75. Ke2 Ke4 76. Ke1 Ke5 77. Ke2 Kf4 78.
Ke1 Kf3 79. Kf1 Ke4 80. Ke2 Kd4 1/2-1/2

[Event "34ème Open International d'Avoine"]
[Site "AVOINE"]
[Date "2019.07.20"]
[Round "1.48"]
[White "Schmit, Vincent"]
[Black "Bodicker, Rob"]
[Result "1-0"]
[WhiteElo "2192"]
[BlackElo "2007"]
[Annotator "Smith,John"]
[PlyCount "95"]
[EventDate "2019.??.??"]

1. e4 {[%emt 0:00:00]} e6 2. d4 d5 3. Nc3 Bb4 4. e5 c5 5. Bd2 Ne7 6. a3 cxd4 7.
axb4 dxc3 8. bxc3 Ng6 9. f4 O-O 10. Bd3 Nc6 11. h4 f5 12. Nf3 Qe8 13. Be3 Bd7
14. b5 Nce7 15. Nd4 Qc8 16. Ra3 b6 17. Qa1 Qc7 18. g3 Nh8 19. O-O Nf7 20. Qa2
Nh6 21. Ra1 Nc8 22. Nf3 Ng4 23. Bd4 h6 24. Ra6 Rb8 25. c4 dxc4 26. Bxc4 Re8 27.
Rd1 Qb7 28. Qb3 Kh8 29. Bf1 Qc7 30. Ra4 a5 31. Rc4 Qd8 32. Bb2 Rb7 33. Nd4 Qe7
34. Qf3 Ra7 35. Ba3 Qf7 36. Bg2 Rd8 37. Nc6 Qe8 38. Nxd8 Qxd8 39. Qc6 Qe8 40.
Rxd7 Rxd7 41. Rd4 Rd8 42. Qxe8+ Rxe8 43. Bc6 Rg8 44. Bd7 Rd8 45. Rd3 Na7 46.
Be7 Ra8 47. c4 Nc8 48. Ba3 1-0

[Event "34ème Open International d'Avoine"]
[Site "AVOINE"]
[Date "2019.07.20"]
[Round "1.49"]
[White "Auvray, Juliette"]
[Black "Sohier, Julien"]
[Result "0-1"]
[WhiteElo "2004"]
[BlackElo "2188"]
[PlyCount "80"]
[EventDate "2019.??.??"]

1. e4 e6 2. d4 d5 3. Nc3 Bb4 4. e5 c5 5. a3 Bxc3+ 6. bxc3 Ne7 7. Qg4 O-O 8. Bd3
Qa5 9. Bd2 Nbc6 10. Qh5 h6 11. Nf3 c4 12. Be2 f5 13. g4 fxg4 14. Qxg4 Nf5 15.
Rg1 Nce7 16. Nh4 Rf7 17. Ng2 Bd7 18. Nf4 Qb6 19. Nh5 Qb2 20. Rc1 Ba4 21. Nf4
Bd7 22. Nh5 Kh8 23. Ng3 Qxa3 24. Nxf5 Nxf5 25. Qg6 Qe7 26. Bh5 Rff8 27. Qg2 b5
28. Bg4 a5 29. Rb1 Rab8 30. Ke2 Be8 31. Qh3 Bg6 32. Ra1 Ra8 33. Rg2 b4 34. Rag1
Rf7 35. Bf3 Bh7 36. Bh5 Rff8 37. Bg4 b3 38. Qh5 Qh4 39. f3 Qxh5 40. Bxh5 b2 0-1

[Event "34ème Open International d'Avoine"]
[Site "AVOINE"]
[Date "2019.07.20"]
[Round "1.50"]
[White "Depoorter, Enguerran"]
[Black "Lucidarme, Damien"]
[Result "1-0"]
[WhiteElo "2183"]
[BlackElo "2003"]
[PlyCount "47"]
[EventDate "2019.??.??"]

1. e4 e5 2. Bc4 d6 3. Nf3 c6 4. d4 Nd7 5. Nc3 Be7 6. O-O Ngf6 7. a4 O-O 8. Qe2
b6 9. h3 Bb7 10. Rd1 Qc7 11. Nh4 exd4 12. Rxd4 Rfe8 13. Nf5 Bf8 14. Bf4 Ne5 15.
Rad1 Rad8 16. Bg5 Nxc4 17. Bxf6 gxf6 18. Rxc4 Qd7 19. Qg4+ Kh8 20. Rd3 d5 21.
Rg3 Bh6 22. Nxh6 Qxg4 23. Rxg4 Rd7 24. Rd4 1-0